Nghiệp vụ Sư phạm 4 kỹ năng cơ bản Môn Văn - Tiếng Việt bậc Trung học cơ sở

Bewaard in:
Bibliografische gegevens
Coauteur: Bộ Giáo dục và Đào tạo
Andere auteurs: Nguyễn Thúy Hồng (B.soạn)
Formaat: Boek
Taal:Vietnamese
Gepubliceerd in: H. Hà Nội 2000
Reeks:Dự án Việt Bỉ. Hổ trợ học từ xa
Onderwerpen:
Tags: Voeg label toe
Geen labels, Wees de eerste die dit record labelt!
Thư viện lưu trữ: Mạng thư viện Đại học Đà Nẵng
LEADER 01371nam a2200373 4500
001 000006473
003 2629
005 20120605150601.0
008 110912s2000 viesd
020 |c 55800đ 
041 0 |a vie 
082 |a 373  |b BÔ-G 
110 |a Bộ Giáo dục và Đào tạo 
245 0 |a Nghiệp vụ Sư phạm 4 kỹ năng cơ bản  |b Môn Văn - Tiếng Việt bậc Trung học cơ sở  |c Bộ Giáo dục và Đào tạo ; b. soạn Nguyễn Thúy Hồng 
260 |a H.  |b Hà Nội  |c 2000 
300 |a 459 tr  |b bảng  |c 27 cm 
490 |a Dự án Việt Bỉ. Hổ trợ học từ xa 
500 |a Lưu hành nội bộ 
653 |a Nghiệp vụ Sư phạm 
653 |a 4 kỹ năng cơ bản 
653 |a Môn Văn - Tiếng Việt 
653 |a Bậc Trung học cơ sở 
700 |a Nguyễn Thúy Hồng  |e B.soạn 
910 |a Nguyễn Thị Kim Oanh  |d 12/09/2011 
OWN |a LSP 
AVA |a UDN50  |b LSP  |d 373 BÔ-G  |e available  |t Error 5001 Not defined in file expand_doc_bib_avail.  |f 4  |g 0  |h N  |i 0  |k 1 
999 |a From the UDN01 
AVA |a UDN50  |b LSP  |d 373 BÔ-G  |e available  |t Error 5001 Not defined in file expand_doc_bib_avail.  |f 4  |g 0  |h N  |i 0  |k 1 
TYP |a Monograph 
TYP |a Printed language 
980 |a Mạng thư viện Đại học Đà Nẵng